| 000 | 00670nam a2200145Ia 4500 | ||
|---|---|---|---|
| 008 | 231221s9999 xx 000 0 und d | ||
| 020 | _a978-3-642-20233-9 | ||
| 041 | _aEnglish | ||
| 100 | _aAndrea Cataldo, Egidio De Benedetto, Giuseppe Cannazza | ||
| 245 | 0 | _aBroadband Reflectometry for Enhanced Diagnostics and Monitoring Applications | |
| 260 |
_c2011 _bSpringer Berlin Heidelberg _aNew York |
||
| 440 | _aLecture Notes in Electrical Engineering | ||
| 650 | _aElectronics and Microelectronics, Instrumentation; Microwaves, RF and Optical Engineering; Measurement Science and Instrumentation; Optics, Optoelectronics, Plasmonics and Optical Devices | ||
| 942 | _cEB | ||
| 999 |
_c229088 _d229088 |
||